书目信息 |
| 题名: |
分子和辐射
|
|
| 作者: | 斯坦菲尔德 著 | |
| 分册: | ||
| 出版信息: | 北京 科学出版社 1983.09 |
|
| 页数: | 400页 | |
| 开本: | 21cm | |
| 丛书名: | ||
| 单 册: | ||
| 中图分类: | O561.3 | |
| 科图分类: | ||
| 主题词: | 分子物理学 , 原子物理学 | |
| 电子资源: | ||
| ISBN: | ||
| 000 | 00680nam0 2200217 45 | |
| 001 | 0405171061 | |
| 005 | 20060719081835.67 | |
| 010 | @dCNY2.40 | |
| 091 | @a13031.2324 | |
| 100 | @a20040517d1983 km y0chiy0120 ea | |
| 101 | 0 | @achi |
| 200 | 1 | @a分子和辐射@AFen Zi He Fu She@e近代分子光谱学导论@EJin Dai Fen Zi Guang Pu Xue Dao Lun@f(美)J·I·斯坦菲尔德著@F(Mei)J·I·Si Tan Fei Er De Zhu |
| 210 | @a北京@c科学出版社@d1983.09 | |
| 215 | @a400页@d21cm | |
| 517 | @a近代分子光谱学导论@AJin Dai Fen Zi Guang Pu Xue Dao Lun | |
| 606 | 0 | @a分子物理学 |
| 606 | 0 | @a原子物理学 |
| 690 | @aO561.3@v3 | |
| 701 | 0 | @a斯坦菲尔德@4著 |
| 801 | @aCN@bPftUser@c20060719 | |
| 905 | @dO561.3@e17 | |
| 分子和辐射:近代分子光谱学导论/(美)J·I·斯坦菲尔德著.-北京:科学出版社,1983.09 |
| 400页;21cm |
| ISBN :CNY2.40 |
| ● |
| 相关链接 |
|
|
|
|
正题名:分子和辐射
索取号:O561.3/17
 
预约/预借
| 序号 | 登录号 | 条形码 | 馆藏地/架位号 | 状态 | 备注 |
| 1 | 0108098 | 202384712 | 密集书库/ [索取号:O561.3/17] | 在馆 | |
| 2 | 0108099 | 202384703 | 密集书库/ [索取号:O561.3/17] | 在馆 | |
| 3 | 0108100 | 202383777 | 密集书库/ [索取号:O561.3/17] | 在馆 | |
| 4 | 0117316 | 001451299 | 第三借阅区/ [索取号:O561.3/17] | 在馆 | |
| 5 | 0117317 | 202383768 | 密集书库/ [索取号:O561.3/17] | 在馆 | |
| 6 | 0117318 | 001451128 | 第二样本阅览室/ [索取号:O561.3/17] | 在馆 | |
| 7 | 0432519 | 204325195 | 密集书库/ [索取号:O561.3/17] | 在馆 |